Trenerzy Legii Warszawa - nagła śmierć - Statystyki

Ogólne statystyki
  • Ten quiz został rozwiązany 206 razy
    54 od ostatniego zresetowania
  • Średni wynik to 8 z 13
Answers on the Grid
Answers color-coded by a green-red scale on the quiz's grid according to % correct below.
Czeslaw Michniewicz
Adam Nawałka
Jan Urban
Marek Papszun
Adrian Siemieniec
Leo Beenhakker
Jacek Magiera
Maciej Skorża
Niels Frederiksen
Stanislav Cherchesov
Thomas Tuchel
Gonçalo Feio
Waldemar Fornalik
Aleksandar Vukovic
Leszek Ojrzyński
Kosta Runjaić
Luiz Felipe Scolari
Mariusz Rumak
Henning Berg
Edward Iordănescu
Jacek Zieliński
Paulo Fonseca
Tomasz Tułacz
Ricardo Sá Pinto
 
Statystyki odpowiedzi
Odpowiedź % Poprawnych
Czeslaw Michniewicz
92%
Marek Papszun
78%
Gonçalo Feio
67%
Jacek Magiera
67%
Kosta Runjaić
64%
Stanislav Cherchesov
64%
Edward Iordănescu
61%
Maciej Skorża
61%
Jan Urban
58%
Aleksandar Vukovic
53%
Henning Berg
50%
Jacek Zieliński
50%
Ricardo Sá Pinto
42%
Nie znaleziono quizów pasujących do podanych kryteriów
Rozkład punktacji
Procent ludzi z każdym wynikiem
Percentyl według liczby udzielonych odpowiedzi
Twoja historia wyników
Nie rozwiązałeś tego quizu od ostatniego zresetowania